| 000 | 00901nam a2200265 c 4500 | ||
|---|---|---|---|
| 001 | 1328455866 | ||
| 003 | DE-627 | ||
| 005 | 20260206092247.0 | ||
| 007 | tu | ||
| 008 | 061031s1992 xx ||||| 00| ||ger c | ||
| 035 | _a(DE-627)1328455866 | ||
| 035 | _a(DE-576)258455861 | ||
| 035 | _a(DE-599)BSZ258455861 | ||
| 040 |
_aDE-627 _bger _cDE-627 _erakwb |
||
| 041 | _ager | ||
| 245 | 0 | 4 |
_aDie Weimarer Republik _c[Hrsg.: Bundeszentrale für politische Bildung. Leitender Red.: Horst Pötzsch] |
| 250 | _aNeudruck | ||
| 300 |
_a48 S. _bzahlr. Ill., graph. Darst. |
||
| 490 | 1 |
_aInformationen zur politischen Bildung _v109/110 |
|
| 700 | 1 |
_aPötzsch, Horst _d1927-2009 _4oth |
|
| 710 | 2 |
_aBundeszentrale für Politische Bildung _4oth |
|
| 830 | 0 |
_aInformationen zur politischen Bildung _v109/110 _9109/110,n _w(DE-627)130093416 _w(DE-576)015626229 _w(DE-600)500774-4 |
|
| 942 |
_2z _cZS |
||
| 951 | _aBO | ||
| 999 |
_c374254 _d374254 |
||